000 00326nam a2200121Ia 4500
008 191206s9999 xx 000 0 und d
020 _a841903069
245 4 _aThe Novel and Contemporary Experience in Africa
260 _aAfricana Pub. Co.
260 _cc1977
300 _a136 p. ; 23 cm.
999 _c17377
_d17377